01104nam a2200301Ia 450000500170000000800410001702000190005810000390007724500950011625000390021130000520025049000280030250000240033052100290035465000420038365000480042565000300047365000340050365000490053770000310058670000180061726400330063533600270066833700330069533800280072804000350075608400110079120220317001030.0160825s2007 ck a g 000 0 spa  a978958300670121 aRivera, José Eustasiod1889-192813aLa voráginecJosé Eustasio Rivera ; prólogo Germán Espinosa ; ilustrado por Alekos a1a. edición b4a. reimpresión  a327 páginas bilustraciones en color c21 cm  aLetras latinoamericanas aIncluye vocabulario aRecomendado para adultos142LEMBaNovela colombianaySiglo XIX-XX142LEMB aLiteratura colombiana ySiglo XIX-XX142LEMB aNovela histórica142LEMB aSelva en la literatura142LEMB aIndustria del caucho en la literatura1 aEspinosa, Germánd1938- 1 aAlekosd1953- aBogotábPanamericanac2007 atextobtxt2rdacontent asin mediaciónbn2rdamedia avolumenbnc2rdacarrier aCO-BoRNBPbspaerdacCO-BoRNBP aN RIV1